000 00578nam a2200253Ia 4500
005 20250425161823.0
008 250425s9999 xx 000 0 und d
020 _a0201609819
041 _aeng
082 _a338.5
100 _aPARKIN, MICHAEL
245 0 _aMICROECONOMICS
250 _a3RD ED.
260 _aEstados Unidos
_bADDISON - WESLEY
_c1996
260 _aS.L.
300 _a592
650 _aECONOMIA
650 _aMICROECONOMIA
650 _aOFERTA Y DEMANDA
650 _aPRODUCCION
710 _aADDISON-WESLEY
942 _c01
010 _a31042
999 _c216790
_d216790